La comunicación internacional / (Record no. 46341)

MARC details
000 -LEADER
campo de control de longitud fija 00854nam a2200265 i 4500
001 - NÚMERO DE CONTROL
campo de control 46341
003 - IDENTIFICADOR DE NÚMERO DE CONTROL
campo de control ES-MaACL
005 - FECHA Y HORA DE LA ÚLTIMA TRANSACCIÓN
campo de control 20230906161351.0
007 - CAMPO FIJO DE DESCRIPCIÓN FÍSICA--INFORMACIÓN GENERAL
campo de control de longitud fija t|
008 - DATOS DE LONGITUD FIJA--INFORMACIÓN GENERAL
campo de control de longitud fija 030328s1985 sp ||||1| spa d
020 ## - NÚMERO INTERNACIONAL ESTÁNDAR DEL LIBRO
Número Internacional Estándar del Libro 84-86153-42-5
080 ## - NÚMERO DE LA CLASIFICACIÓN DECIMAL UNIVERSAL
Número de la Clasificación Decimal Universal 070.43
245 03 - MENCIÓN DEL TÍTULO
Título La comunicación internacional /
Mención de responsabilidad, etc. Pilar Escriche ... [et al.] ; obra dirigida por Mar de Fontcuberta.
260 ## - PUBLICACIÓN, DISTRIBUCIÓN, ETC.
Lugar de publicación, distribución, etc. Barcelona :
Nombre del editor, distribuidor, etc. Mitre,
Fecha de publicación, distribución, etc. [1985]
300 ## - DESCRIPCIÓN FÍSICA
Extensión 232 p. :
Otras características físicas il. ;
Dimensiones 22 cm.
490 1# - MENCIÓN DE SERIE
Mención de serie Enciclopedia de periodismo ;
Designación de volumen o secuencia 1
504 ## - NOTA DE BIBLIOGRAFÍA, ETC.
Nota de bibliografía, etc. Bibliografía: p. 210-211.
650 #4 - PUNTO DE ACCESO ADICIONAL DE MATERIA--TÉRMINO DE MATERIA
Término de materia o nombre geográfico como elemento de entrada Comunicación internacional.
9 (RLIN) 173772
650 #4 - PUNTO DE ACCESO ADICIONAL DE MATERIA--TÉRMINO DE MATERIA
Término de materia o nombre geográfico como elemento de entrada Comunicación intercultural.
9 (RLIN) 11198
700 1# - ENTRADA AGREGADA--NOMBRE PERSONAL
Nombre de persona Escriche, Pilar.
9 (RLIN) 47648
700 1# - ENTRADA AGREGADA--NOMBRE PERSONAL
Nombre de persona Fontcuberta, Mar de.
9 (RLIN) 51629
830 1# - PUNTO DE ACCESO ADICIONAL DE SERIE-TÍTULO UNIFORME
Título uniforme Enciclopedia de periodismo ;
Designación de volumen o secuencia 1
9 (RLIN) 229321
852 4# - LOCALIZACIÓN
Ubicación ES-MaACL
Número de control de estantería L-10508
Holdings
Estatus retirado Estado de pérdida Estado de daño No para préstamo Biblioteca de origen Biblioteca actual Ubicación en estantería Fecha de adquisición Fuente de adquisición Total de préstamos Signatura topográfica completa Código de barras Visto por última vez Precio de reemplazo Tipo de ítem Koha
        Biblioteca del Ateneo de Madrid Biblioteca del Ateneo de Madrid Depósito 2 17/01/2008     L-10508 1048739 23/02/2023 23/02/2023 Libro impreso